00770nam a2200193 4500001000700000003000900007005001700016007000300033008004100036100002800077245013900105260003700244300003400281700005400315700003400369852003200403999001900435952012200454109043ES-MaACL20230906184750.0t|061121s1973 sp r ||||1| spa d1 aOliver, Frank J.98680910aCircuitos prácticos con relés / cFrank J. Oliver ; traducido por J. José Díaz de Noriega ; revisado por Juan Furió Muñoz. aBarcelona : bMarcombo, c[1973] aXII, 383 p. : bil ; c21 cm.1 aDíaz de Noriega y Sellés, Juan José.9442431 aFurió Muñoz, Juan.953041 aES-MaACLjC-54014 bR.86681 c109043d109043 00104070aATENEOMbATENEOMcDEPO2d2008-01-17eSCl0oC-54014p1113778r2023-02-23 00:00:00w2023-02-23yMONOGRAFIA